Κοινωνιολογία του Χριστιανισμού
Αποθηκεύτηκε σε:
| Κύριος συγγραφέας: | |
|---|---|
| Μορφή: | Βιβλίο |
| Γλώσσα: | Greek |
| Δημοσίευση: |
Θεσσαλονίκη :
Κυριακίδης,
1990.
|
| Έκδοση: | 4η εκδ. |
| Θέματα: | |
| Ετικέτες: |
Προσθήκη ετικέτας
Δεν υπάρχουν, Καταχωρήστε ετικέτα πρώτοι!
|
MARC
| LEADER | 00000cam a2200000 i 4500 | ||
|---|---|---|---|
| 001 | 1/77952 | ||
| 008 | 960820s1990 gr | |||| ||| ||gre|| | ||
| 035 | |a 1993 |b 1 |c Χιωτάκης |l 10032800 | ||
| 040 | |a GR-MY-UA |b gre |e aacr | ||
| 041 | 0 | |a gre | |
| 082 | 7 | |a 261.5 |2 (22) | |
| 100 | 1 | |a Μαντζαρίδης, Γεώργιος Ι., |d 1935- | |
| 245 | 1 | 0 | |a Κοινωνιολογία του Χριστιανισμού / |c Γεωργίου Ι. Μαντζαρίδη. |
| 250 | |a 4η εκδ. | ||
| 260 | |a Θεσσαλονίκη : |b Κυριακίδης, |c 1990. | ||
| 300 | |a 337 σ. ; |c 24 εκ. | ||
| 504 | |a Βιβλιογραφία : σ. [325]-328. | ||
| 504 | |a Ευρετήριο : σ. [329]-337. | ||
| 650 | 0 | 0 | |a Christian sociology |x Orthodox Eastern Church. |
| 852 | |a INST |b RHODES |e 19960820 |h 261.5 ΜΑΝ |p 005400009768 |q 005400009768 |t BK |y 0 | ||
| 909 | |a Ρ |b 025832 | ||
| 970 | |z 2000/07/ΚΑΤΕΡΙΝΑ | ||